[Event "Surakarta/Denpasar"]
[Site "Surakarta"]
[Date "1982.??.??"]
[Round "19"]
[White "Christiansen, Larry Mark"]
[Black "Maninang, Rafaelito"]
[Result "1/2-1/2"]
[WhiteElo "2585"]
[BlackElo "2385"]

1.d4 Nf6 2.c4 e6 3.Nf3 b6 4.g3 Ba6 5.Qb3 d5 6.cxd5 exd5 7.Nc3 Be7 8.Bg5 Bb7
9.Bg2 O-O 10.Bxf6 Bxf6 11.O-O Re8 12.Rad1 c6 13.e4 Na6 14.exd5 cxd5 15.Rfe1 Rxe1+
16.Rxe1 Nc7 17.Ne5 Qd6 18.Qa4 g6 19.h4 h5 20.Bh3 a6 21.Qb3 Rf8 22.a4 Bg7
23.Re3 Bc8 24.Bg2 Be6 25.Ne2 b5 26.a5 Rd8 27.Nf4 Bf5 28.Re1 Bf6 29.Qc3 b4
30.Qd2 Rb8 31.Nfd3 Ne6 32.Nf4 Nc7 33.Kh2 Rb5 34.Rc1 Bxe5 35.dxe5 Qxe5 36.Re1 Qd6
37.Qd4 Ne6 38.Nxe6 Bxe6 39.Bh3 Qe7 40.Bxe6 fxe6 41.Rc1 e5 42.Qd3 Qf7 43.Kg1 Kh7
44.Rc6 d4 45.Rxa6 Rc5 46.Qe4 Kh6 47.Kg2 b3 48.Ra8 Qd5 49.Qxd5 Rxd5 50.a6 Kg7
51.a7 Ra5 52.Kf3 Kh7 53.Ke4 Kg7 54.f3 Kh7 55.Kd3 Ra4 56.Re8 Rxa7 57.Rxe5 Ra2
58.Re2 Ra1 59.Kxd4 Rg1 60.Re4 Rxg3 61.Rf4 g5 62.hxg5 Kg6 63.Ke3 Rg2 64.Rb4 Kxg5
65.Rxb3 h4 66.Rb8 Kf5 67.Rf8+ Ke6 68.b4 Rb2 69.Kf4 h3 70.Rh8 Kf6 71.Rh6+ Kg7
72.Rxh3 Rxb4+ 73.Kg5 Rb5+ 74.Kg4 Kg6 75.f4 Ra5 76.Rb3 Ra6 77.Rb5 Rc6 78.Rh5 Rc4
79.Rd5 Rc6 80.Rg5+ Kf6 81.Rh5 Kg6 82.f5+ Kg7 83.Kg5 Ra6 84.Rh1 Rb6 85.Ra1 Kf7
86.Ra5 Rc6 87.Ra7+ Kf8 88.Rd7 Ra6 89.Rb7 Rc6 90.Rb5 Ra6 91.f6 Ra1  1/2-1/2

[Event "US op"]
[Site "Pasadena"]
[Date "1983.??.??"]
[Round "?"]
[White "Christiansen, Larry Mark"]
[Black "Kortschnoj, Viktor"]
[Result "1/2-1/2"]
[WhiteElo "2520"]
[BlackElo "2600"]

1.d4 Nf6 2.c4 e6 3.Nf3 b6 4.g3 Bb4+ 5.Bd2 a5 6.Bg2 Bb7 7.O-O O-O 8.Bg5 Be7
9.Qc2 c5 10.dxc5 bxc5 11.Nc3 d6 12.Rad1 Nbd7 13.Rd2 Qb6 14.Rfd1 Rfd8 15.Bf4 Nf8
16.h3 Ng6 17.Bg5 Rab8 18.b3 h6 19.Bxf6 Bxf6 20.Na4 Qc7 21.Ne1 Ne7 22.Bxb7 Rxb7
23.Nf3 Nc6 24.Qe4 Rbb8 25.e3 Ne7 26.Qf4 Ng6 27.Qe4 Rd7 28.Nh2 Rdd8 29.Ng4 Be7
30.f4 Nf8 31.Qf3 Qc8 32.Nf2 Nd7 33.Ne4 Nb6 34.Nxb6 Rxb6 35.Nc3 Qc6 36.Qxc6 Rxc6
37.Kg2 Kf8 38.Kf3 Rb8 39.Nb5 a4 40.Nxd6 axb3 41.axb3 Rxb3 42.Nb5 Ra6 43.Rd7 g5
44.Rc7 f5 45.Rdd7 Rb2 46.Nc3 Ra1 47.Nd1 Rbb1 48.Nf2 Ra2 49.Rxe7 Rf1 50.Rf7+  1/2-1/2

[Event "Grindavik"]
[Site "Grindavik"]
[Date "1984.??.??"]
[Round "5"]
[White "Arnason, Jon L"]
[Black "Christiansen, Larry Mark"]
[Result "1/2-1/2"]
[WhiteElo "2500"]
[BlackElo "2550"]

1.e4 c6 2.d4 d5 3.Nd2 dxe4 4.Nxe4 Nd7 5.Bc4 Ngf6 6.Ng5 e6 7.Qe2 Nb6 8.Bd3 h6
9.N5f3 c5 10.dxc5 Nbd7 11.b4 b6 12.Nd4 Nd5 13.Bb2 Nxb4 14.c6 Nxd3+ 15.Qxd3 Nc5
16.Qf3 Na4 17.O-O-O Qg5+ 18.Kb1 Nxb2 19.Kxb2 Be7 20.c7 Qd5 21.Qxd5 exd5 22.Nge2 Bb7
23.Nf5 Bf6+ 24.Kb3 Kd7 25.Nf4 Kxc7 26.Ne3 Be5 27.Nfxd5+ Bxd5+ 28.Nxd5+ Kb7
29.f4 Bc7 30.Rd3 Rad8 31.Rhd1 Rhe8 32.Nxc7 Rxd3+ 33.Rxd3 Kxc7 34.Rg3 g6 35.Rh3 h5
36.f5 Re5 37.fxg6 fxg6 38.Rf3 Rb5+ 39.Kc4 Rc5+ 40.Kb3 Rg5 41.g3 Kc6 42.Rf7 a5
43.a3 Rg4 44.c4 Rd4 45.Kc3 Rd6 46.Re7  1/2-1/2

[Event "Grindavik"]
[Site "Grindavik"]
[Date "1984.??.??"]
[Round "8"]
[White "Christiansen, Larry Mark"]
[Black "McCambridge, Vincent"]
[Result "0-1"]
[WhiteElo "2550"]
[BlackElo "2465"]

1.d4 Nf6 2.c4 e6 3.Nf3 d5 4.Nc3 Be7 5.cxd5 exd5 6.Bf4 c6 7.Qc2 Na6 8.a3 g6
9.e3 Bf5 10.Bd3 Bxd3 11.Qxd3 Nc7 12.Bxc7 Qxc7 13.b4 O-O 14.O-O a6 15.Rab1 Bd6
16.a4 b5 17.Rfc1 Qe7 18.Rc2 Rfc8 19.axb5 cxb5 20.Rbc1 Rc4 21.Nd2 Rxb4 22.g3 Kg7
23.e4 dxe4 24.Ncxe4 Re8 25.Rc8 Rxc8 26.Rxc8 Qd7 27.Qc2 Nxe4 28.Nxe4 Be7 29.Rc7 Qe6
30.Qd3 Bd8 31.Rc5 Bb6 32.Re5 Qc4 33.Qxc4 Rxc4 34.d5 b4 35.Re7 b3 36.Rxf7+ Kxf7
37.Nd6+ Ke7 38.Nxc4 a5 39.Kf1 a4 40.d6+ Kd8 41.Ke2 b2  0-1

[Event "Grindavik"]
[Site "Grindavik"]
[Date "1984.??.??"]
[Round "10"]
[White "Christiansen, Larry Mark"]
[Black "Hjartarson, Johann"]
[Result "1/2-1/2"]
[WhiteElo "2550"]
[BlackElo "2415"]

1.d4 Nf6 2.c4 e6 3.Nf3 d5 4.Nc3 Be7 5.Bg5 h6 6.Bh4 O-O 7.Rc1 b6 8.cxd5 Nxd5
9.Bxe7 Qxe7 10.g3 Bb7 11.Bg2 Rc8 12.O-O Nd7 13.Qd2 c5 14.Rfd1 Nxc3 15.Rxc3 Nf6
16.Rcc1 Bd5 17.dxc5 Ne4 18.Qe3 Rxc5 19.Rxc5 Qxc5 20.Qxc5 bxc5 21.Rc1 a5 22.Ne5 Rb8
23.b3 a4 24.Nd7 Rb4 25.f3 axb3 26.axb3 Nd2 27.Rxc5 f6 28.Rc8+ Kf7 29.Rc7 Kg8
30.Nc5 Nxb3 31.Nd3 Rc4 32.Rd7 Rc2 33.Nf4 Bc4 34.Rc7 e5 35.Ng6 Rc1+ 36.Kf2 Bxe2
37.f4 Rxc7 38.Bd5+ Kh7 39.Nf8+ Kh8 40.Ng6+  1/2-1/2

[Event "Grindavik"]
[Site "Grindavik"]
[Date "1984.??.??"]
[Round "11"]
[White "Knezevic, Milorad"]
[Black "Christiansen, Larry Mark"]
[Result "1/2-1/2"]
[WhiteElo "2450"]
[BlackElo "2550"]

1.d4 Nf6 2.Nf3 d6 3.g3 g6 4.Bg2 Bg7 5.O-O O-O 6.Nc3 Nc6 7.e4 Bg4 8.h3 Bxf3
9.Bxf3 e5 10.dxe5 Nxe5 11.Bg2 Re8 12.Nd5 Nfd7 13.Rb1 c6 14.Nf4 Nc5 15.Be3 Nc4
16.Bxc5 dxc5 17.Nd3 Qa5 18.Qe1 Qc7 19.Nxc5 Rad8 20.Nd3 Nd6 21.e5 Nc4 22.f4 f6
23.Qc3 Qb6+ 24.Rf2 Qd4 25.Qxd4 Rxd4 26.Re1 fxe5 27.Rfe2 Rd7 28.b3 Nd6 29.Nxe5 Rde7
30.Bf3 Nf5 31.Nc4 Rxe2 32.Rxe2 Rxe2 33.Bxe2  1/2-1/2

[Event "USA-ch"]
[Site "Estes Park"]
[Date "1985.??.??"]
[Round "5"]
[White "Christiansen, Larry Mark"]
[Black "Browne, Walter S"]
[Result "1/2-1/2"]
[WhiteElo "2560"]
[BlackElo "2530"]

1.d4 Nf6 2.c4 e6 3.Nf3 b6 4.g3 Ba6 5.b3 Bb4+ 6.Bd2 Be7 7.Nc3 O-O 8.e4 d5
9.cxd5 Bxf1 10.Kxf1 exd5 11.e5 Ne4 12.Qe2 Nxc3 13.Bxc3 Qd7 14.Kg2 Nc6 15.Rad1 Nd8
16.Rd3  1/2-1/2

[Event "Portoroz/Ljubljana"]
[Site "Ljubljana"]
[Date "1985.??.??"]
[Round "3"]
[White "Christiansen, Larry Mark"]
[Black "Parma, Bruno"]
[Result "1/2-1/2"]
[WhiteElo "2560"]
[BlackElo "2490"]

1.d4 Nf6 2.c4 e6 3.Nf3 b6 4.Nc3 Bb7 5.a3 d5 6.cxd5 exd5 7.g3 Be7 8.Qa4+ Nbd7
9.Ne5 c5 10.dxc5 bxc5 11.Bh3 d4 12.O-O dxc3 13.Rd1 O-O 14.Nxd7 Nxd7 15.Bxd7 Bf6
16.bxc3 Qe7 17.Be3 Bxc3 18.Rab1 Rab8 19.Bf5 Bd4 20.Bxd4 cxd4 21.Bd3 Qc5 22.Qd7 Bc6
23.Qf5 Qxf5 24.Bxf5 g6 25.Rbc1 Bb5 26.Bg4 Rbd8 27.Rc7 a6 28.Re7 Rd6 29.Bf3  1/2-1/2

[Event "Portoroz/Ljubljana"]
[Site "Ljubljana"]
[Date "1985.??.??"]
[Round "11"]
[White "Gligoric, Svetozar"]
[Black "Christiansen, Larry Mark"]
[Result "1/2-1/2"]
[WhiteElo "2520"]
[BlackElo "2560"]

1.d4 Nf6 2.c4 e6 3.Nf3 b6 4.Nc3 Bb7 5.a3 g6 6.d5 exd5 7.cxd5 Bg7 8.g3 O-O
9.Bg2 c6 10.dxc6 dxc6 11.O-O c5 12.Qa4 Nc6 13.Rd1 Qc8 14.Qh4 Qg4 15.Qxg4 Nxg4
16.h3 Nf6 17.Ne5 Na5 18.Bxb7 Nxb7 19.Bg5 Rfe8 20.Nd7 Ne4 21.Nxe4 Rxe4 22.Nf6+ Bxf6
23.Bxf6 Rxe2 24.Rd7 Re6 25.Bc3 Nd6 26.Rd1 Ne4 27.Rxa7 Rae8 28.Kg2  1/2-1/2

[Event "New York op"]
[Site "New York"]
[Date "1985.??.??"]
[Round "4"]
[White "Barlov, Dragan"]
[Black "Christiansen, Larry Mark"]
[Result "1/2-1/2"]
[WhiteElo "2430"]
[BlackElo "2560"]

1.d4 Nf6 2.Nf3 e6 3.Bg5 c5 4.e3 Be7 5.Nbd2 b6 6.c3 Bb7 7.Bd3 Nc6 8.Qe2 d5
9.O-O Nd7 10.Bxe7 Qxe7 11.e4 dxe4 12.Bxe4 O-O 13.Nb3 Nf6 14.dxc5 Nxe4 15.Qxe4 Na5
16.Qe3 Nxb3 17.axb3 bxc5 18.Ne5 Qc7 19.Rfd1 Rfd8 20.h3 a6 21.Rd3 Rxd3 22.Nxd3 Rc8
23.Ra4 Bd5 24.Ra3 h6 25.Nf4 Bb7 26.Ra1 Rd8 27.Re1 a5 28.f3 Qd6 29.Qe5 Qxe5
30.Rxe5 g5 31.Nh5 Rd1+ 32.Kf2 Rb1 33.Re2 Kf8 34.Nf6 Bc6 35.Ng4 a4 36.bxa4 h5
37.Nf6 Bxa4 38.Nxh5 Bb5 39.Rd2 Rf1+ 40.Kg3 Ke7 41.Kh2 f5 42.Ng3 Rb1 43.Rf2 Bd3
44.Rd2 c4 45.Nh1 Rc1 46.Nf2 Bc2 47.h4 gxh4 48.f4 Ba4 49.Kh3 Rg1 50.Kh2 Rf1
51.Kh3 Bc6 52.Kxh4 Rg1 53.Nh3 Rxg2 54.Rxg2 Bxg2 55.Ng5 Kf6 56.Nh7+ Kg7 57.Ng5 Bd5
58.Kh5 Kf6 59.Nh7+ Ke7 60.Kg5 Bc6 61.Nf6 Bf3 62.Ng8+ Kf7 63.Nf6 Ke7 64.Ng8+ Kd6
65.Kf6 Bc6 66.Ne7 Be8 67.Nc8+ Kc7 68.Ne7 Kd7  1/2-1/2

[Event "Somerset op"]
[Site "Somerset"]
[Date "1986.??.??"]
[Round "?"]
[White "Christiansen, Larry Mark"]
[Black "Gurevich, Dmitry"]
[Result "1-0"]
[WhiteElo "2555"]
[BlackElo "2475"]

1.d4 f5 2.Nc3 Nf6 3.Bg5 d5 4.Bxf6 exf6 5.e3 c6 6.Bd3 Bd6 7.Qf3 g6 8.h3 Qe7
9.Nge2 O-O 10.h4 h5 11.Nf4 Kg7 12.Nce2 Rh8 13.Rh3 Rh6 14.Rg3 Be6 15.Nxe6+ Qxe6
16.Bxf5  1-0

[Event "Somerset op"]
[Site "Somerset"]
[Date "1986.??.??"]
[Round "5"]
[White "Christiansen, Larry Mark"]
[Black "Rachels, Stuart"]
[Result "1-0"]
[WhiteElo "2555"]
[BlackElo "2350"]

1.d4 Nf6 2.c4 c5 3.d5 d6 4.Nc3 g6 5.e4 Bg7 6.Bg5 O-O 7.Qd2 e6 8.Bd3 exd5
9.Nxd5 Be6 10.Ne2 Bxd5 11.cxd5 c4 12.Bc2 Nbd7 13.O-O Nc5 14.Nc3 Re8 15.Rae1 a6
16.Kh1 b5 17.a3 Qb6 18.f4 Nfd7 19.e5 dxe5 20.d6 Nd3 21.Bxd3 Qxd6 22.Rf3 e4
23.Nxe4 Qd4 24.Rfe3 cxd3 25.Rxd3 Qc4 26.b3 Qc6 27.Rd6 Bc3 28.Qd3 Qxd6 29.Qxd6 Bxe1
30.Be7 Ra7 31.g3 Ba5 32.b4 Bb6 33.h4 Rc7 34.h5 gxh5 35.Kg2 Rc2+ 36.Kh3 Bg1
37.Kh4 h6 38.Kxh5 Rh2+ 39.Kg4 h5+ 40.Kf5  1-0

[Event "USA-ch"]
[Site "?"]
[Date "1986.??.??"]
[Round "?"]
[White "Christiansen, Larry Mark"]
[Black "Wilder, Michael"]
[Result "1-0"]
[WhiteElo "2560"]
[BlackElo "2465"]

1.d4 Nf6 2.c4 g6 3.Nc3 Bg7 4.e4 d6 5.f3 O-O 6.Be3 c5 7.dxc5 dxc5 8.Qxd8 Rxd8
9.Bxc5 Nc6 10.Be2 Nd7 11.Ba3 Bxc3+ 12.bxc3 Nde5 13.Rd1 Be6 14.Rd5 Kf8 15.f4 Ng4
16.Nf3 Ne3 17.Kf2 Ng4+ 18.Kg3 Nf6 19.Nd2 Bxd5 20.cxd5 Nxd5 21.exd5 Rxd5 22.Nb3 Rc8
23.Re1 Rc7 24.c4 Rd8 25.Kf2 Nd4 26.Nxd4 Rxd4 27.Ke3 Rcd7 28.Bb4 f6 29.Rc1 Kf7
30.Bc3 R4d6 31.c5 Re6+ 32.Kf3  1-0

[Event "USA-ch"]
[Site "Estes Park"]
[Date "1987.??.??"]
[Round "11"]
[White "Christiansen, Larry Mark"]
[Black "Whitehead, Jay E"]
[Result "1-0"]
[WhiteElo "2575"]
[BlackElo "2415"]

1.d4 Nf6 2.Nf3 b6 3.Bg5 Bb7 4.Nbd2 e6 5.e4 h6 6.Bxf6 Qxf6 7.c3 g6 8.a4 a6
9.e5 Qe7 10.Nc4 Bg7 11.Bd3 Nc6 12.O-O O-O 13.Re1 f5 14.exf6 Qxf6 15.Qc2 d6
16.Bxg6 Ne7 17.Bh7+ Kh8 18.Ncd2 Nf5 19.Bxf5 exf5 20.Qb3 Qf7 21.Qxf7 Rxf7
22.c4 Rb8 23.Ra3 b5 24.axb5 axb5 25.b3 Kg8 26.h3 Kf8 27.Ra5 Bc6 28.Ra7 Bf6
29.d5 Be8 30.Nf1 bxc4 31.bxc4 Rb4 32.Ng3 Rxc4 33.Nxf5 Bc3 34.Ne3 Rc5 35.Rd1 Rf4
36.Ra8 Ke7 37.Nh4 h5 38.Nhf5+ Kd7 39.g3 Re4 40.Rb1 Rb4 41.Rxb4 Bxb4 42.Nd4 Ke7
43.Ne6 Rc1+ 44.Kg2 Bf7 45.Nf5+ Kf6 46.Rf8 c6 47.Nd8 Kxf5 48.Rxf7+ Kg6 49.dxc6 Ba5
50.Rd7 Bxd8 51.Rxd8 Rxc6 52.g4 Kg5 53.Rg8+ Kf4 54.Rf8+ Ke4 55.Kg3 hxg4 56.hxg4 d5
57.Re8+ Kd3 58.g5 d4 59.Rd8 Ke4 60.f3+ Ke3 61.Re8+ Kd2 62.f4 d3 63.f5 Rc5
64.Kg4 Kc3 65.Re3 Kd4 66.Re1 Rc2 67.f6 Rf2 68.Kh5 d2 69.Rd1 Ke5 70.Kg6 Ke6
71.Kg7 Rf5 72.g6 Rxf6 73.Rxd2 Rf1 74.Re2+ Kd7 75.Rh2  1-0

[Event "New York op"]
[Site "New York"]
[Date "1987.??.??"]
[Round "?"]
[White "Fedorowicz, John P"]
[Black "Christiansen, Larry Mark"]
[Result "1/2-1/2"]
[WhiteElo "2535"]
[BlackElo "2575"]

1.Nf3 Nf6 2.g3 d5 3.c4 c6 4.cxd5 cxd5 5.Bg2 g6 6.O-O Bg7 7.d4 O-O 8.Ne5 e6
9.Nc3 Nfd7 10.f4 Nc6 11.e4  1/2-1/2

[Event "Philadelphia op"]
[Site "Philadelphia"]
[Date "1987.??.??"]
[Round "?"]
[White "Gulko, Boris F"]
[Black "Christiansen, Larry Mark"]
[Result "1/2-1/2"]
[WhiteElo "2525"]
[BlackElo "2575"]

1.d4 Nf6 2.c4 e6 3.Nf3 d5 4.g3 dxc4 5.Bg2 Bd7 6.Ne5 Bc6 7.Nxc6 Nxc6 8.O-O Qd7
9.e3 Rb8 10.Qc2 b5 11.b3 Nb4 12.Qe2 cxb3 13.axb3 c6 14.Bd2 Be7 15.Bxb4 Bxb4
16.Ra6 Nd5 17.Rc1 Rc8 18.Nd2 Bxd2 19.Qxd2 O-O 20.Qa5 Rc7 21.Bxd5 exd5 22.Qc3 Rfc8
23.Qc5 h6 24.h4 g6 25.Rca1 Ra8 26.Rc1  1/2-1/2

[Event "San Francisco"]
[Site "San Francisco"]
[Date "1987.??.??"]
[Round "?"]
[White "Browne, Walter S"]
[Black "Christiansen, Larry Mark"]
[Result "1/2-1/2"]
[WhiteElo "2505"]
[BlackElo "2575"]

1.d4 d6 2.e4 Nf6 3.Nc3 g6 4.Nf3 Bg7 5.Be2 O-O 6.O-O Bg4 7.Be3 Nbd7 8.Re1 e5
9.dxe5 dxe5 10.Qd3 c6 11.h3 Bxf3 12.Bxf3 Qe7 13.Qc4 Rfd8 14.Red1 Bf8 15.Ne2 Nc5
16.a4 a6 17.Rxd8 Rxd8 18.a5 Qe6 19.Qb4 Ncxe4 20.Qxb7 Qc4 21.b3 Qb5 22.Qb6 Rb8
23.Qxb5 cxb5 24.Rd1 Rc8 25.c3 h5 26.Bxe4 Nxe4 27.Rd3 f6 28.f3 Nd6 29.g4 hxg4
30.hxg4 Kf7 31.Kg2 Ke6 32.f4 Be7 33.Rd1 Ne4 34.Rd3 Bd8 35.b4 Be7 36.Kf3 Rc4
37.Kg2 Bd6 38.fxe5 fxe5 39.Kh3 Nf6 40.g5 Nd5 41.Bd2 Bf8 42.Kg2 Bg7 43.Rh3 Ne7
44.Nc1 Nf5 45.Nd3 Bf8 46.Rh8 Bd6 47.Ra8 Rc6 48.Nf2 Be7 49.Ne4 Kd5 50.Kf3 Nd6
51.Nxd6 Bxd6 52.Re8 Bc7 53.Re7 Bb8 54.Re8 Bd6 55.Be1 Bc7 56.Ke3 e4 57.Rxe4 Be5
58.Kd3 Bxc3 59.Bf2 Be5 60.Bc5 Rc8 61.Re1 Rc6 62.Rf1 Bc7 63.Rf7 Ke5 64.Rf8 Re6
65.Rc8 Bd6 66.Bxd6+ Rxd6+ 67.Ke3 Re6 68.Rc5+ Kd6+ 69.Kd4 Re1 70.Rd5+ Ke6
71.Rc5 Rd1+ 72.Ke3 Rb1 73.Rc6+ Kf5 74.Rxa6 Rxb4 75.Rb6 Kxg5 76.a6  1/2-1/2

[Event "San Francisco"]
[Site "San Francisco"]
[Date "1987.??.??"]
[Round "?"]
[White "Christiansen, Larry Mark"]
[Black "Gurevich, Dmitry"]
[Result "0-1"]
[WhiteElo "2575"]
[BlackElo "2545"]

1.d4 Nf6 2.Nf3 e6 3.Bg5 c5 4.e3 cxd4 5.exd4 b6 6.Bd3 Be7 7.O-O O-O 8.Re1 Bb7
9.Nbd2 d6 10.a4 a6 11.Bxf6 Bxf6 12.c3 Nd7 13.Ne4 Be7 14.Qd2 Nf6 15.Nxf6+ Bxf6
16.Be4 Bxe4 17.Rxe4 d5 18.Re2 b5 19.Ne1 b4 20.cxb4 Qb6 21.Nc2 Rfc8 22.g3 Rab8
23.Ra3 Rc7 24.Rc3 Rcb7 25.Re1 h6 26.b5 axb5 27.a5 Qa7 28.Rc6 b4 29.a6 Rb5
30.Rc1 b3 31.Na3 R5b6 32.Rc8+ Rxc8 33.Rxc8+ Kh7 34.Qd3+ g6 35.Qc3 Qxa6 36.Qc5 Bg7
37.Qe7 Qxc8  0-1

[Event "San Francisco"]
[Site "San Francisco"]
[Date "1987.??.??"]
[Round "?"]
[White "Christiansen, Larry Mark"]
[Black "Spraggett, Kevin"]
[Result "1/2-1/2"]
[WhiteElo "2575"]
[BlackElo "2570"]

1.d4 e6 2.c4 f5 3.g3 Nf6 4.Bg2 Be7 5.Nf3 O-O 6.O-O Ne4 7.Qb3 Bf6 8.Nc3 Nc6
9.d5 Na5 10.Qa4 Bxc3 11.bxc3 b6 12.Nd4 e5 13.Nxf5 Nc5 14.Qc2 d6 15.Ne3 Qe8
16.Ba3 Nab7 17.Rae1 Qa4 18.Qc1 Bd7 19.f4 exf4 20.Rxf4 Rxf4 21.gxf4 Na5 22.Bxc5 bxc5
23.Be4 Nxc4 24.Nxc4 Qxc4 25.Qc2 h6 26.Qd3 Qxa2 27.Qg3 Qd2 28.Kh1 Re8 29.Rg1 g5
30.fxg5 Rxe4 31.Qf3 Rg4 32.Rf1 Qxg5 33.Qf8+ Kh7 34.Rf7+ Qg7 35.Rxg7+ Rxg7
36.Qf3 a5 37.c4 a4 38.h3 Be8 39.Kh2 Bg6 40.h4 Rf7  1/2-1/2

[Event "San Francisco"]
[Site "San Francisco"]
[Date "1987.??.??"]
[Round "?"]
[White "Leski, Marc"]
[Black "Christiansen, Larry Mark"]
[Result "1/2-1/2"]
[WhiteElo "2390"]
[BlackElo "2575"]

1.Nf3 Nf6 2.c4 e6 3.g3 d5 4.Bg2 dxc4 5.Qa4+ Nbd7 6.Qxc4 c5 7.O-O b6 8.d4 Bb7
9.Nc3 Rc8 10.Bg5 cxd4 11.Qxd4 Bc5 12.Qh4 O-O 13.Rfd1 Qe8 14.Ne5 Bxg2 15.Nxd7 Nxd7
16.Kxg2 f6 17.Bd2 Ne5 18.Qa4 Qf7 19.Ne4 Qb7 20.f3 Be7 21.Bf4 b5 22.Qb3 Nc4
23.Nd2 Qa6 24.a4 b4 25.Nxc4 Rxc4 26.Bd6 Bxd6 27.Rxd6 Qxd6 28.Qxc4 Qe5 29.Rd1 a5
30.Rd2 Qe3 31.Qd3 Qxd3 32.Rxd3 Rc8 33.Rd7 h5 34.Rb7 Rc2 35.Kf2 Rxb2 36.Rb5 g5
37.Rxa5 Kf7 38.Rb5 e5 39.a5 g4 40.fxg4 hxg4 41.a6 b3 42.a7 Ra2 43.Rxb3 Rxa7
44.Rb4 f5 45.h3 gxh3 46.Rh4  1/2-1/2

[Event "San Francisco"]
[Site "San Francisco"]
[Date "1987.??.??"]
[Round "?"]
[White "Verduga, Denis Homero"]
[Black "Christiansen, Larry Mark"]
[Result "1/2-1/2"]
[WhiteElo "2435"]
[BlackElo "2575"]

1.Nf3 Nf6 2.c4 e6 3.d4 b6 4.g3 Bb4+ 5.Bd2 Bxd2+ 6.Nbxd2 Bb7 7.Bg2 c5 8.O-O O-O
9.Nb3 Na6 10.Qd2 d5 11.Ne5 Rc8 12.Rac1 Qe7 13.dxc5 bxc5 14.Qa5 d4 15.f4 Bxg2
16.Kxg2 Qb7+ 17.Kg1 Ne4 18.Qb5 Rc7 19.Qxb7 Rxb7 20.e3 f6 21.Nd3 dxe3 22.Rfe1 Nd2
23.Rxe3 Nxb3 24.axb3 Rxb3 25.Rxe6 Rxd3 26.Rxa6 Rd2 27.Re1 Rxb2 28.Rxa7 Rd8
29.Rc7 h6 30.Rxc5 Rdd2 31.Rh5 Rbc2 32.c5 Kh7 33.Rf1 f5 34.c6 g6 35.Rh4 h5
36.c7 Rg2+ 37.Kh1 Rge2 38.Kg1 Rxc7 39.Rf2 Rc1+ 40.Kg2 Re3 41.Rf3 Ree1 42.Kf2 Rh1
43.Re3 Kg7 44.Re2 Rcf1+ 45.Ke3 Ra1 46.Rd2 Rhe1+ 47.Kf2 Reb1 48.Kg2 Kf6 49.Rd6+ Ke7
50.Rd2 Ke6 51.h3 Rg1+ 52.Kf2 Raf1+ 53.Ke2 Rh1 54.Ke3 Re1+ 55.Kf2 Kf6 56.Rd6+ Kg7
57.Rd7+ Kh6 58.Rd2 Re4 59.Kg2 Ra1 60.Rf2 Raa4 61.Kh2 Kg7 62.Kg2 Kf6 63.Kh2 Rad4
64.Kg2 Ke6 65.Kh2 Kd5 66.Kg2 Re8 67.g4 Rh8 68.gxf5 gxf5 69.Re2 Kc4 70.Kf3 Rd3+
71.Kf2 Rd5  1/2-1/2

[Event "US op"]
[Site "Boston"]
[Date "1988.??.??"]
[Round "?"]
[White "Sherzer, Alex"]
[Black "Christiansen, Larry Mark"]
[Result "0-1"]
[WhiteElo "2330"]
[BlackElo "2575"]

1.e4 g6 2.d4 Bg7 3.Nc3 c6 4.h4 d5 5.exd5 cxd5 6.h5 Nc6 7.Be3 Nh6 8.Bb5 a6
9.Ba4 Nf5 10.Nf3 b5 11.Bb3 e6 12.Qd2 Nxe3 13.fxe3 Na5 14.hxg6 fxg6 15.Ne2 O-O
16.Nf4 Bd7 17.Nd3 Nb7 18.O-O Qe7 19.Rae1 Nd6 20.Nc5 Bc6 21.c3 Kh8 22.Bc2 Nc4
23.Qc1 e5 24.b3 Nb6 25.Qd1 e4 26.Nh2 a5 27.Rxf8+ Rxf8 28.Rf1 h5 29.Rxf8+ Bxf8
30.Nf1 Bh6 31.Qe1 Qd6 32.c4 dxc4 33.Qxa5 Nd5 34.Nxe4 Qe7 35.bxc4 Nxe3 36.d5 Nxc4
37.Qa6 Be8 38.Qf6+ Qxf6 39.Nxf6 Bf7 40.Be4 Nb6 41.Bd3 Bg7 42.Ne4 Bxd5 43.Nd6 Bd4+
44.Kh1 b4 45.Bb1 Kg7 46.Nd2 Na4 47.Bc2 Nc5 48.Nb3 Nxb3 49.Bxb3 Bc6 50.Nc4 g5
51.a3 h4 52.Kh2 bxa3 53.Nxa3 g4 54.Be6 Be5+ 55.Kg1 h3 56.gxh3 g3 57.Nc2 g2
58.Bd7 Ba8 59.h4 Bb8  0-1

[Event "Bundesliga 8788"]
[Site "Germany"]
[Date "1988.??.??"]
[Round "?"]
[White "Christiansen, Larry Mark"]
[Black "Levitt, Jonathan"]
[Result "1/2-1/2"]
[WhiteElo "2575"]
[BlackElo "2445"]

1.d4 Nf6 2.c4 e6 3.Nc3 Bb4 4.e3 b6 5.Ne2 Ba6 6.a3 Be7 7.Nf4 d5 8.b3 O-O 9.Bd3 Bd6
10.Nh5 Nbd7 11.Bb2 dxc4 12.bxc4 c5 13.Ne4 Be7 14.dxc5 Nxh5 15.Qxh5 f5 16.c6 Ne5
17.Bxe5 Qxd3 18.Nd2 Bxc4 19.Nxc4 Qxc4 20.Qe2 Qd5 21.Qb2 Qxg2 22.Rf1 Rac8
23.c7 Bf6 24.Rc1 Bxe5 25.Qxe5 Qd5 26.Qxd5 exd5 27.Ke2 Rf7 28.Rfd1 Rfxc7 29.Rxc7 Rxc7
30.Rxd5 g6 31.Rd8+ Kf7 32.h4 Ke6 33.Ra8 Kd5 34.Kd3 Kc5 35.Kc3 Kb5+ 36.Kb3 Rd7
37.a4+ Ka5 38.h5 a6 39.hxg6 hxg6 40.Kc4 Rd2 41.f4 Ra2 42.Rg8 Rxa4+ 43.Kd3 Ra3+
44.Kd4 Ra4+ 45.Kd3 Ra1 46.Rxg6 Rd1+ 47.Kc3 Rd5 48.e4 Rc5+ 49.Kd4 fxe4 50.Kxe4 Kb5
51.f5 a5 52.f6 Rc8 53.f7 Rf8  1/2-1/2

[Event "Bundesliga 8788"]
[Site "Germany"]
[Date "1988.??.??"]
[Round "?"]
[White "Graf, Juergen"]
[Black "Christiansen, Larry Mark"]
[Result "1-0"]
[WhiteElo "2390"]
[BlackElo "2575"]

1.d4 Nf6 2.c4 e6 3.Nc3 Bb4 4.Bg5 h6 5.Bh4 Qe7 6.e3 d6 7.Bd3 O-O 8.Ne2 c6
9.O-O Nbd7 10.f4 c5 11.Ne4 cxd4 12.N2g3 dxe3 13.Nh5 Bc5 14.Nexf6+ Nxf6 15.Kh1 Bd4
16.Bc2 e5 17.Nxf6+ Kh8 18.Qh5 exf4 19.Nh7 Qe5 20.Qxe5 dxe5 21.Nxf8 g5 22.Be1 Bg4
23.Bb4 Rc8 24.Bd3 f5 25.Ng6+ Kh7 26.Nxe5 Bxe5 27.h3 Rd8 28.Bc2 Be2 29.Bxf5+ Kg7
30.Rfe1 Bxc4 31.Rad1 Rxd1 32.Rxd1 Bxb2 33.Rd7+ Kf6 34.Bg4 e2 35.Be1 b5 36.Bxe2 Bxe2
37.Rd2 Bc4 38.Rxb2 h5 39.Kg1 g4 40.hxg4 hxg4 41.g3 Kf5 42.Rf2 f3 43.Rd2 a5
44.a3 Ke4 45.Bf2 Bd3 46.Bb6 a4 47.Kf2 Bc4 48.Rd4+ Kf5 49.Ke3 Be2 50.Bc5 Bc4
51.Rf4+ Kg5 52.Be7+ Kh5  1-0

[Event "World op"]
[Site "Philadelphia"]
[Date "1988.??.??"]
[Round "?"]
[White "Christiansen, Larry Mark"]
[Black "Gurevich, Dmitry"]
[Result "1-0"]
[WhiteElo "2575"]
[BlackElo "2475"]

1.d4 Nf6 2.Nf3 e6 3.Bf4 c5 4.e3 b6 5.Bd3 Bb7 6.c3 Be7 7.h3 O-O 8.O-O d6 9.Qe2 Nbd7
10.e4 cxd4 11.cxd4 Re8 12.Nc3 Bf8 13.Rfd1 g6 14.Rac1 a6 15.a4 Ra7 16.e5 dxe5
17.dxe5 Nd5 18.Nxd5 exd5 19.Qd2 d4 20.e6 Rxe6 21.Nxd4 Re8 22.Nb5 axb5 23.Bxb5 Bc8
24.Rxc8 Qxc8 25.Bxd7 Rxd7 26.Qxd7 Qxd7 27.Rxd7 Re4 28.Be3 Bc5 29.Bh6 Re8
30.Kf1 Bf8 31.Be3 Bc5 32.Bd2 Re4 33.Bc3 f6 34.b3 Be7 35.Bd4 Bb4 36.Be3 Bc5
37.Bd2 Be7 38.Rb7 Re6 39.Be3 Bc5 40.Bxc5 bxc5 41.Rc7 Rb6 42.a5 Rb8 43.a6  1-0

[Event "World op"]
[Site "Philadelphia"]
[Date "1988.??.??"]
[Round "?"]
[White "Christiansen, Larry Mark"]
[Black "Delaune, Richard K"]
[Result "1/2-1/2"]
[WhiteElo "2575"]
[BlackElo "2405"]

1.d4 Nf6 2.c4 e6 3.Nc3 Bb4 4.e3 O-O 5.Ne2 Re8 6.a3 Bf8 7.Ng3 Nc6 8.Be2 d5
9.cxd5 exd5 10.b4 a6 11.O-O Ne7 12.f3 a5 13.b5 c5 14.dxc5 Nf5 15.Nxf5 Bxf5
16.Na4 Rc8 17.Bb2 Rxe3 18.Bd4 Re6 19.Bd3 Bg6 20.Bxg6 hxg6 21.Rc1 Nd7 22.Re1 Qe7
23.Rxe6 Qxe6 24.Qd2 Ne5 25.Nb6 Nc4 26.Rxc4 dxc4 27.Nxc8 Qxc8 28.Qe3 Qf5 29.b6 Qd5
30.Kf1 a4 31.Qe4 Qd7 32.g4 c3 33.c6 bxc6 34.Bxc3 Bc5 35.Ke2 Bxb6 36.Qxa4 Qe6+
37.Qe4 Qa2+ 38.Kd3 Qxa3 39.Qxc6  1/2-1/2

[Event "Porz"]
[Site "Porz"]
[Date "1988.??.??"]
[Round "?"]
[White "Christiansen, Larry Mark"]
[Black "Schulz, Klaus Juergen"]
[Result "1-0"]
[WhiteElo "2550"]
[BlackElo "2360"]

1.c4 Nf6 2.Nc3 c5 3.Nf3 Nc6 4.d4 cxd4 5.Nxd4 e6 6.g3 Bb4 7.Bg2 O-O 8.O-O a6
9.Bf4 Re8 10.Nxc6 dxc6 11.Qxd8 Rxd8 12.Rfd1 Re8 13.Bc7 e5 14.Na4 Bg4 15.Bf3 Bxf3
16.exf3 b5 17.a3 Bf8 18.Nb6 Ra7 19.Bd6 Rb7 20.c5 Nd7 21.Nxd7 Rxd7 22.Bxf8 Rxd1+
23.Rxd1 Kxf8 24.Rd6 Rc8 25.Kf1 Ke7 26.Ke2 a5 27.b3 f6 28.Ke3 Rc7 29.h4 a4
30.b4 g6 31.g4 Rc8 32.g5 f5 33.f4 exf4+ 34.Kxf4 Kf7 35.Rd7+ Ke6 36.Rd6+ Kf7
37.f3 Rc7 38.Rf6+ Ke7 39.Ke5 Rc8 40.h5 gxh5 41.Rh6 Kf7 42.Kxf5 Kg7 43.Rxh5 Rd8
44.Rh6 Rd3 45.f4 Rxa3 46.Rxc6 Rb3 47.Rc7+ Kf8 48.Rxh7 Rxb4 49.c6 Rc4 50.c7 Rc5+
51.Ke6 Kg8 52.Rd7  1-0

[Event "Porz"]
[Site "Porz"]
[Date "1988.??.??"]
[Round "?"]
[White "Christiansen, Larry Mark"]
[Black "Schoen, Wolfram"]
[Result "1/2-1/2"]
[WhiteElo "2550"]
[BlackElo "2430"]

1.d4 Nf6 2.c4 c5 3.d5 e6 4.Nc3 exd5 5.cxd5 d6 6.Nf3 g6 7.Bf4 Bg7 8.e3 O-O
9.Be2 Na6 10.O-O Nc7 11.a3 h6 12.h3 Re8 13.Rc1  1/2-1/2